000
00297nam a22001217a 4500
020
_a
9788176223034
082
_a
664
_b
SAS/FO
100
_a
Sasikumar,R.
_9
833
245
_a
Food Processing Technology in Agro-Based Sector
260
_a
New Delhi
_b
Biotech Books
_c
2014
300
_a
312
942
_c
BK
999
_c
14488
_d
14488